Hulladékgazdálkodás A hulladéklerakók létesítése, üzemeltetése és utógondozása /

Elmentve itt :
Bibliográfiai részletek
Szerző: Szombathelyi András
További közreműködők: Miklós László (Témavezető)
Dokumentumtípus: Szakdolgozat
Megjelent: 2005
Tárgyszavak:
Online Access:http://diploma.bibl.u-szeged.hu/28862
LEADER 00632nta a2200157 i 4500
001 dipl28862
005 20110708123846.0
008 110708s2005 hu om 0|| zxx d
040 |a SZTE Diploma Repozitórium  |b hun 
041 |a zxx 
100 1 |a Szombathelyi András 
245 1 0 |a Hulladékgazdálkodás  |h [elektronikus dokumentum] :  |b A hulladéklerakók létesítése, üzemeltetése és utógondozása /  |c András Szombathelyi 
260 |c 2005 
650 4 |a Jogi és igazgatási tanulmányok 
700 1 |a Miklós László  |e ths 
856 4 0 |u http://diploma.bibl.u-szeged.hu/id/eprint/28862/1/2005_szombathelyi_andras_127_2005.pdf  |z Dokumentum-elérés